000 00331nam a2200133Ia 4500
008 240624s9999 xx 000 0 und d
041 _aeng
082 _a658.15224 RAU
100 _aHILLIER DAVID
245 _aCORPORATE FINANCE
260 _c2013
_aLondon
_bTata McGraw- Hill
300 _axxviii, 889 p.; 26 cm.
365 _c
_b38
999 _c29242
_d29242